Nghiên cứu các biện pháp kết hợp hóa học và sinh học trong phòng trừ bệnh cháy lá hành (Allium fistulosum) do vi khuẩn Xanthomonas sp. : Luận văn tốt nghiệp Cao học. Chuyên ngành Bảo vệ thực vật

Nghiên cứu nhằm mục đích tìm ra biện pháp hiệu quả nhất trong việc phòng trị bệnh cháy lá trên cây hành lá do vi khuẩn Xanthomonas sp. gây ra ở điều kiện nhà lưới và ngoài đồng.

Guardat en:
Dades bibliogràfiques
Autor principal: Nguyễn, Thị Kim Vui
Format: Llibre
Idioma:Undetermined
Publicat: Cần Thơ Trường Đại học Cần Thơ 2018
Matèries:
Etiquetes: Afegir etiqueta
Sense etiquetes, Sigues el primer a etiquetar aquest registre!
Thư viện lưu trữ: Trung tâm Học liệu Trường Đại học Cần Thơ
LEADER 01192nam a2200217Ia 4500
001 CTU_228555
008 210402s9999 xx 000 0 und d
082 |a 632.8 
082 |b V510 
088 |a 8620112 
100 |a Nguyễn, Thị Kim Vui 
245 0 |a Nghiên cứu các biện pháp kết hợp hóa học và sinh học trong phòng trừ bệnh cháy lá hành (Allium fistulosum) do vi khuẩn Xanthomonas sp. : 
245 0 |b Luận văn tốt nghiệp Cao học. Chuyên ngành Bảo vệ thực vật 
245 0 |c Nguyễn Thị Kim Vui ; Nguyễn Thị Thu Nga (Cán bộ hướng dẫn) 
260 |a Cần Thơ 
260 |b Trường Đại học Cần Thơ 
260 |c 2018 
520 |a Nghiên cứu nhằm mục đích tìm ra biện pháp hiệu quả nhất trong việc phòng trị bệnh cháy lá trên cây hành lá do vi khuẩn Xanthomonas sp. gây ra ở điều kiện nhà lưới và ngoài đồng. 
650 |a Plants, protection of,Bảo vệ thực vật 
910 |b nthai 
980 |a Trung tâm Học liệu Trường Đại học Cần Thơ